[Event "Bampada Balasore op 2nd"]
[Site "Bampada"]
[Date "2017.05.06"]
[Round "2"]
[White "Sanjib, Ghosh"]
[Black "Das, Sayantan"]
[Result "0-1"]
[WhiteElo "1524"]
[BlackElo "2396"]
[PlyCount "80"]
[EventDate "2017.05.05"]
[EventType "swiss"]
[EventRounds "9"]
[EventCountry "IND"]
[SourceTitle "CBM 178 Extra"]
[Source "ChessBase"]
[SourceDate "2017.06.22"]
[SourceVersion "1"]
[SourceVersionDate "2017.06.22"]
[SourceQuality "1"]

1. Nf3 c5 2. c4 Nc6 3. g3 g6 4. Bg2 Bg7 5. Nc3 d6 6. 0-0 e6 7. b3 Nge7 8. Bb2 0-0 9. e3 d5 10. cxd5 exd5 11. d4 cxd4 12. Nxd4 Nxd4 13. exd4 Be6 14. Ne2 g5 15. f4 g4 16. Ba3 Bf5 17. Rc1 Re8 18. Qd2 Nc6 19. Bb2 Qb6 20. Kh1 Rad8 21. Rcd1 Nb4 22. Nc1 Nc2 23. Rf2 Ne3 24. Re1 Nxg2 25. Rxe8+ Rxe8 26. Kxg2 Re4 27. Re2 Bxd4 28. Bxd4 Qxd4 29. Qxd4 Rxd4 30. a4 Rd1 31. Na2 d4 32. Re5 Rd2+ 33. Kg1 Be6 34. Nb4 Bxb3 35. Nd5 Bxd5 36. Rxd5 d3 37. Kf1 Ra2 38. Rxd3 Rxa4 39. Rb3 b6 40. Rb5 h6 0-1